| 000 | 00706nam a22001457a 4500 | ||
|---|---|---|---|
| 999 |
_c525972 _d525972 |
||
| 008 | 240429b ||||| |||| 00| 0 eng d | ||
| 100 |
_aRobson, Arthur _944755 |
||
| 245 | _aGintis, Herbert. Individuality and entanglement: The moral and material bases of social life | ||
| 260 | _aJournal of Economic Literature | ||
| 300 | _a62(1). Mar, 2024: p.325-327 | ||
| 520 | _aRobson, Arthur. 2024. "Gintis, Herbert. Individuality and Entanglement: The Moral and Material Bases of Social Life." Journal of Economic Literature, 62 (1): 325-27.- Reproduced https://www.aeaweb.org/articles?id=10.1257/jel.62.1.317.r6 | ||
| 773 | _aJournal of Economic Literature | ||
| 906 | _aBOOK REVIEW | ||
| 942 | _cAR | ||